000 00255nam a2200109Ia 4500
999 _c7262
_d7262
020 _a978-0070726925
100 _aYu, Marut
245 0 _aAssembly Language Programming and Organization
260 _aUSA
_bPrentice Hall
_c1992
300 _a544
942 _cBK